00295nam a22000857a 4500008004100000082001500041245011500056260003000171300000800201230620b xxu||||| |||| 00| 0 eng d a306bUNE  aInter-parliamentary Conference on Education, Science, Culture and Communication on the Eve of the 21st Century bInter-Parliamentary Union a47p